Phlebotomy : (Record no. 356022)
[ view plain ]
| 000 -LEADER | |
|---|---|
| fixed length control field | 00348nam a2200121Ia 4500 |
| 008 - FIXED-LENGTH DATA ELEMENTS--GENERAL INFORMATION | |
| fixed length control field | 180219s9999 xx 000 0 und d |
| 020 ## - INTERNATIONAL STANDARD BOOK NUMBER | |
| International Standard Book Number | 9780323279406 |
| 100 ## - MAIN ENTRY--PERSONAL NAME | |
| Personal name | Warekois, Robin S. |
| 245 ## - TITLE STATEMENT | |
| Statement of responsibility, etc | Robinson, Richard |
| Title | Phlebotomy : |
| Remainder of title | worktext and procedures manual |
| 250 ## - EDITION STATEMENT | |
| Edition statement | 4th ed |
| 260 ## - PUBLICATION, DISTRIBUTION, ETC. (IMPRINT) | |
| Place of publication, distribution, etc | Canada : |
| Name of publisher, distributor, etc | Elsevier |
| Date of publication, distribution, etc | 2016 |
| 300 ## - PHYSICAL DESCRIPTION | |
| Extent | v, 363 pages |
| Withdrawn status | Lost status | Damaged status | Home library | Current library | Shelving location | Date acquired | Source of acquisition | Total Checkouts | Total Renewals | Full call number | Barcode | Date last seen | Date checked out | Price effective from | Koha item type |
|---|---|---|---|---|---|---|---|---|---|---|---|---|---|---|---|
| South SEED-LPDH College Library | South SEED-LPDH College Library | South SEED-LPDH College Section | 02/19/2018 | Library Fund | 3 | 12 | RB 45.15 .W273 2016 | SSLC1682 | 12/05/2019 | 12/05/2019 | 02/19/2018 | Books |